=LDR 00000nam 2200000 4500 =001 INLIS000000000047063 =005 20231006022038 =035 ##$$a 0010-071500000000033 =008 231006################g##########0#ind## =020 ##$$a 979-538-222-5 =082 ##$$a 350-Bud-p =100 ##$$a Sudriamunawar,Hayono =245 1#$$a Pengantar study administrasi pembangunan /$c DR. Haryono Sudriamunawar, Drs., MS. =260 ##$$a Bandung :$b Manda Maju,$c 2002 =300 ##$$a vii,124 Hlm ; $c 21 Cm =850 ##$$a NBPNMAT =084 ##$$a 350-Bud-p SU p =250 ##$$a cet. 1 =650 #4$$a Administrasi Pembangunan =990 ##$$a 2090101036/BPAP-NTB/2015 =990 ##$$a 0001/BPAP-NTB/2016 =990 ##$$a 32833283 =990 ##$$a 40600639 =990 ##$$a 2090101036/BPAP-NTB/2015 =990 ##$$a 0001/BPAP-NTB/2016